Lana Del Rey - Carmen Lyrics - Statistics

General Stats
  • This quiz has been taken 416 times
  • The average score is 226 of 319
Answer Stats
Answer % Correct
a
98%
Carmen
97%
she
97%
She
97%
like
96%
Like
96%
the
96%
The
96%
to
95%
all
91%
They
91%
boys
90%
girl
90%
her
90%
Her
90%
but
89%
have
88%
me
88%
girls
87%
It's
87%
be
86%
Doesn't
86%
"You
86%
you
86%
problem
85%
'Cause
84%
Lyin'
84%
lyin"
84%
them
84%
an
83%
butterflies
82%
Darlin'
82%
darlin'
82%
don't
82%
Don't
82%
top
82%
alarming
80%
gives
80%
herself
80%
shelf
80%
want
80%
so
79%
can
78%
go
78%
How
78%
on
78%
and
76%
And
76%
says
76%
she's
76%
She's
76%
this
74%
wanna
73%
laughs
72%
liquor's
72%
way
72%
charming
71%
God
71%
I'm
71%
walk
71%
get
70%
Street
69%
diamond
68%
dyin'
67%
dyin'"
67%
eyes
67%
fun
66%
mean
66%
see
65%
for
64%
honestly
63%
at
62%
things
62%
your
62%
everyone
61%
free
61%
having
61%
still
61%
streets
61%
walks
61%
I've
60%
Only
60%
seventeen
60%
shinin'
60%
with
60%
mind's
59%
of
59%
up
59%
seen
58%
high
57%
night
57%
cartoon
56%
dress
56%
Fooling
54%
gettin'
54%
know
54%
lightning
54%
now
54%
Put
53%
put
53%
queen
53%
red
53%
Telling
53%
truly
53%
Bats
52%
cream
52%
ice
52%
you're
52%
Island
51%
party
51%
day
50%
Eatin'
50%
lipstick
50%
morning
50%
soft
50%
again
49%
by
49%
Coney
49%
tirin'
49%
tirin'"
49%
nowhere
48%
story
48%
That's
48%
'til
48%
age
47%
dressed
47%
alive
46%
Baby's
46%
disarming
46%
Staying
46%
Famous
45%
little
45%
star
45%
strangers
45%
dumb
44%
early
43%
kindness
43%
doing
42%
Relying
42%
camera's
41%
favors
41%
Sing
40%
song
40%
Lookin'
36%
cherry
35%
'em
35%
knots
31%
Smiling
31%
Tying
31%
lies
30%
whoa
29%
Audiotune
27%
White
25%
No matching quizzes found
Score Distribution
Percent of People with Each Score
Percentile by Number Answered
Your Score History
You have not taken this quiz